Deconstructing sexuality in the Middle East: challenges and discourses (Record no. 475808)

MARC details
000 -LEADER
fixed length control field 00785nam a2200229Ia 4500
003 - CONTROL NUMBER IDENTIFIER
control field OSt
005 - DATE AND TIME OF LATEST TRANSACTION
control field 20260105135921.0
008 - FIXED-LENGTH DATA ELEMENTS--GENERAL INFORMATION
fixed length control field 220923b |||||||| |||| 00| 0 eng d
020 ## - INTERNATIONAL STANDARD BOOK NUMBER
International Standard Book Number 9780754672357
037 ## - SOURCE OF ACQUISITION
Terms of availability General Book
040 ## - CATALOGING SOURCE
Original cataloging agency RTL
Transcribing agency RTL
Language of cataloging eng
041 ## - LANGUAGE CODE
Source of code eng
Language code of text/sound track or separate title eng
084 ## - COLON CLASSIFICATION NUMBER
Classification number Y:3(S5).46.P, P8
Assigning agency RTL
245 #0 - TITLE STATEMENT
Title Deconstructing sexuality in the Middle East: challenges and discourses
Remainder of title
260 ## - PUBLICATION, DISTRIBUTION, ETC.
Place of publication, distribution, etc. Aldershot
Name of publisher, distributor, etc. Ashgate
Date of publication, distribution, etc. 2008
300 ## - PHYSICAL DESCRIPTION
Extent ix, 218 p.
Other physical details Includes bibliographical references and index.
650 ## - SUBJECT ADDED ENTRY--TOPICAL TERM
Topical term or geographic name entry element Sociology
9 (RLIN) 861849
650 ## - SUBJECT ADDED ENTRY--TOPICAL TERM
Topical term or geographic name entry element Sexuality
9 (RLIN) 861850
700 ## - ADDED ENTRY--PERSONAL NAME
Personal name Ilkkaracan Pinar
Relator term Editor
9 (RLIN) 861851
942 ## - ADDED ENTRY ELEMENTS (KOHA)
Classification part Y:3(S5).46.P, P8
Koha item type General Books
Source of classification or shelving scheme Colon Classification (CC)
Suppress in OPAC No
Holdings
Withdrawn status Lost status Source of classification or shelving scheme Damaged status Not for loan Home library Current library Date acquired Source of acquisition Cost, normal purchase price Total Checkouts Full call number Barcode Date last seen Cost, replacement price Price effective from Koha item type
    Colon Classification (CC)     Ratan Tata Library Ratan Tata Library 2022-09-25 223, 09/01/2009, PIONEER BOOK DISTRIBUTORS 3488.95   Y:3(S5).46.P, P8 RT1327487 2022-09-25 3488.95 2022-09-25 General Books
Copyright @ Delhi University Library System